[Event "Team men HL chess 2018"]
[Site "Sochi"]
[Date "2018.05.10"]
[Round "9.2"]
[White "Poliakov, Artem"]
[Black "Nazaretyan, Tigran"]
[Result "1/2-1/2"]
[WhiteElo "2105"]
[BlackElo "2302"]
[PlyCount "200"]
[EventDate "2018.05.01"]

1. c4 c5 2. Nc3 Nc6 3. Nf3 e6 4. e4 Nf6 5. e5 Ng4 6. Qe2 Qc7 7. Nb5 Qb8 8. Nd6+
Bxd6 9. exd6 Qxd6 10. b3 Nd4 11. Nxd4 Qxd4 12. Rb1 O-O 13. Bb2 Qf4 14. d3 d6
15. g3 Qg5 16. h4 Qg6 17. h5 Qf5 18. Bh3 e5 19. f3 Qxh5 20. fxg4 Qg6 21. Kd2 b5
22. cxb5 Rb8 23. Qe4 Qg5+ 24. Qe3 Qg6 25. g5 Rxb5 26. Bxc8 Rxc8 27. Rh4 Ra5 28.
a4 Rb8 29. Bc3 Ra6 30. Kc2 Rab6 31. Qe4 Qxg5 32. Qxh7+ Kf8 33. Rh3 Qf6 34. Bd2
Qe6 35. Rh4 Rxb3 36. Qh8+ Ke7 37. Qxb8 Rxb8 38. Rxb8 Qa2+ 39. Rb2 Qd5 40. a5 f5
41. Ra4 Qc6 42. Ra3 c4 43. dxc4 Qxc4+ 44. Kb1 Qf1+ 45. Ka2 Qc4+ 46. Kb1 Qf1+
47. Bc1 a6 48. Rb6 g5 49. Rc3 f4 50. Kc2 fxg3 51. Bxg5+ Ke6 52. Rd3 g2 53.
Rbxd6+ Kf5 54. Be3 Qe2+ 55. Kc3 Qe1+ 56. Kc2 Qxa5 57. Bb6 Qa2+ 58. Kc3 Qa1+ 59.
Kc2 a5 60. R3d5 a4 61. Ra5 a3 62. Bd4 Qxd4 63. Rxd4 g1=Q 64. Rda4 Qf2+ 65. Kd1
Qf3+ 66. Ke1 Qc3+ 67. Ke2 a2 68. Rxa2 Kf4 69. R2a4+ e4 70. Ra8 Qc2+ 71. Kf1
Qd1+ 72. Kf2 Qd6 73. Ke2 Qc5 74. R8a7 Qc2+ 75. Kf1 Qb1+ 76. Kg2 Qb2+ 77. Kh3
Qf6 78. Kg2 Qg6+ 79. Kf2 Qb6+ 80. Kg2 Qb3 81. Ra8 Qb2+ 82. Kf1 Qf6 83. Ke2 Qb6
84. Ra3 Qc5 85. R8a4 Qc2+ 86. Ke1 Qb2 87. Kd1 Qf2 88. Kc1 Qe2 89. Kb1 Qd2 90.
Rb3 Qd1+ 91. Kb2 Qe2+ 92. Kb1 Ke5 93. Raa3 Qd1+ 94. Kb2 Qd2+ 95. Kb1 Kf5 96.
Rc3 Ke5 97. Rcb3 Qd1+ 98. Kb2 Kd4 99. Rg3 Qd2+ 100. Kb1 Kc4 1/2-1/2

[Event "Team men HL chess 2018"]
[Site "Sochi"]
[Date "2018.05.10"]
[Round "9.3"]
[White "Tenikashvili, Georgij"]
[Black "Mutovin, Egor"]
[Result "1-0"]
[WhiteElo "2294"]
[BlackElo "1929"]
[PlyCount "61"]
[EventDate "2018.05.01"]

1. d4 Nf6 2. c4 c5 3. d5 b5 4. cxb5 a6 5. bxa6 g6 6. Nc3 Bxa6 7. e4 Bxf1 8.
Kxf1 d6 9. g3 Bg7 10. Kg2 Nbd7 11. Nf3 O-O 12. a4 Ra6 13. Qc2 Qc8 14. Nb5 Qb7
15. Ra3 Rfa8 16. b3 e6 17. dxe6 fxe6 18. Re1 Rf8 19. Ng5 d5 20. f3 h6 21. Nh3
Ne5 22. Bf4 Nxf3 23. Kxf3 g5 24. e5 Ne4 25. Rxe4 dxe4+ 26. Qxe4 g4+ 27. Ke3
Qxe4+ 28. Kxe4 gxh3 29. Ra2 Rc8 30. Rc2 Rac6 31. Na7 1-0

[Event "Team men HL chess 2018"]
[Site "Sochi"]
[Date "2018.05.10"]
[Round "9.4"]
[White "Zhukov, Ivan"]
[Black "Mumdgan, Suren"]
[Result "1/2-1/2"]
[WhiteElo "2097"]
[BlackElo "2116"]
[PlyCount "69"]
[EventDate "2018.05.01"]

1. e4 e6 2. d4 d5 3. Nd2 dxe4 4. Nxe4 Nd7 5. Nf3 Ngf6 6. Bg5 Be7 7. Bxf6 Nxf6
8. Bd3 a5 9. O-O O-O 10. Nxf6+ Bxf6 11. c3 Qd6 12. Qc2 g6 13. Rad1 Rd8 14. Rfe1
Bd7 15. Ne5 Bxe5 16. Rxe5 Bc6 17. h4 Qe7 18. h5 Qf6 19. Rde1 Rd5 20. R1e3 Rad8
21. hxg6 hxg6 22. Bxg6 Rxe5 23. dxe5 Qg5 24. Rg3 Qh6 25. Be4+ Kf8 26. Bxc6 bxc6
27. Rd3 Rxd3 28. Qxd3 Qc1+ 29. Kh2 Qxb2 30. Qd8+ Kg7 31. Qf6+ Kf8 32. Qd8+ Kg7
33. Qf6+ Kf8 34. Qd8+ Kg7 35. Qf6+ 1/2-1/2

[Event "Team men HL chess 2018"]
[Site "Sochi"]
[Date "2018.05.10"]
[Round "9.1"]
[White "Konaplev, Anton"]
[Black "Kozionov, Kirill"]
[Result "1/2-1/2"]
[WhiteElo "2376"]
[BlackElo "2452"]
[PlyCount "115"]
[EventDate "2018.05.01"]

1. d4 d5 2. c4 e6 3. Nc3 c6 4. e3 Bd6 5. Nf3 f5 6. g3 Nd7 7. Bg2 Ngf6 8. O-O
O-O 9. b3 b6 10. Ne2 Ne4 11. Bb2 Ba6 12. Rc1 Qf6 13. Nf4 g5 14. Nd3 g4 15. Nfe5
Bxe5 16. dxe5 Qe7 17. Nf4 Rfd8 18. cxd5 cxd5 19. Nxd5 Qf7 20. Bxe4 Bxf1 21.
Ne7+ Qxe7 22. Bxa8 Bb5 23. Bg2 Nxe5 24. Qc2 Nd3 25. Rb1 Nxb2 26. Qxb2 Qg7 27.
Qc2 Qe5 28. Rd1 Rxd1+ 29. Qxd1 Kf7 30. a4 Be8 31. e4 Ke7 32. exf5 exf5 33. Qc1
a5 34. h4 Bf7 35. Qc2 h5 36. Kh2 f4 37. gxf4 Qxf4+ 38. Kg1 Qe5 39. Qb1 Qc3 40.
Qe4+ Kf8 41. Qf4 Ke7 42. Qe4+ Kf8 43. Qf4 Qc5 44. Bf1 Kg7 45. Bc4 Bxc4 46. bxc4
Kg6 47. Kg2 Qf5 48. Qd6+ Qf6 49. Qd5 Kh6 50. Kg3 Kg6 51. Kg2 Qb2 52. Kg3 Qa3+
53. Kg2 Qc5 54. Qxc5 bxc5 55. Kg3 Kf5 56. f3 gxf3 57. Kxf3 Ke5 58. Ke3 1/2-1/2

[Event "Team men HL chess 2018"]
[Site "Sochi"]
[Date "2018.05.10"]
[Round "9.2"]
[White "Golubev, Roman"]
[Black "Rodin, Dmitrij"]
[Result "1-0"]
[WhiteElo "2391"]
[BlackElo "2412"]
[PlyCount "105"]
[EventDate "2018.05.01"]

1. e4 e5 2. Nf3 Nc6 3. Bc4 Bc5 4. O-O Nf6 5. d3 O-O 6. c3 a6 7. a4 h6 8. h3 Re8
9. Re1 d6 10. Nbd2 Be6 11. Bxe6 Rxe6 12. b4 Ba7 13. Qc2 Qd7 14. Nb3 Rae8 15. b5
Nb8 16. c4 Nh5 17. Nh4 c6 18. Qe2 Nf4 19. Bxf4 exf4 20. Qf3 d5 21. Nf5 g6 22.
bxc6 bxc6 23. Nxh6+ Kg7 24. Ng4 f5 25. Nh2 fxe4 26. dxe4 dxe4 27. Qc3+ Kh7 28.
Ng4 Qg7 29. Qxg7+ Kxg7 30. c5 R6e7 31. Rac1 Nd7 32. Rc4 g5 33. Nd4 Nxc5 34.
Nxc6 Nd3 35. Nxe7 Nxe1 36. Nf5+ Kf8 37. Nd6 e3 38. Rc7 exf2+ 39. Kf1 Re6 40.
Rf7+ Kg8 41. Nf6+ Rxf6 42. Rxf6 Nc2 43. Nc4 Nb4 44. Nb6 Nd3 45. a5 Bb8 46. Rg6+
Kf7 47. Rxg5 Be5 48. Nc4 Bc3 49. Rd5 Nb4 50. Rf5+ Ke6 51. Rxf4 Be1 52. h4 Nd3
53. Rd4 1-0

[Event "Team men HL chess 2018"]
[Site "Sochi"]
[Date "2018.05.10"]
[Round "9.3"]
[White "Kalugin, Sergey G"]
[Black "Kuzub, Pavel"]
[Result "1-0"]
[WhiteElo "2398"]
[BlackElo "2033"]
[PlyCount "105"]
[EventDate "2018.05.01"]

1. d4 d5 2. c4 c6 3. e3 Nf6 4. Nc3 e6 5. Nf3 Nbd7 6. Qc2 Bd6 7. Be2 O-O 8. O-O
Qe7 9. e4 dxe4 10. Nxe4 Nxe4 11. Qxe4 Nf6 12. Qc2 c5 13. Be3 b6 14. dxc5 Bxc5
15. Bxc5 Qxc5 16. Qd2 Bb7 17. Rfd1 Rac8 18. Rac1 Rfe8 19. Nd4 Ne4 20. Qe3 e5
21. Nb5 Qxe3 22. fxe3 a6 23. Nd6 Nxd6 24. Rxd6 Rc6 25. Rcd1 Kf8 26. Kf2 g6 27.
Bf3 e4 28. Be2 Re6 29. Rxe6 Rxe6 30. Rd7 Bc6 31. Ra7 a5 32. b3 Kg7 33. c5 bxc5
34. Rxa5 Re5 35. Ke1 f6 36. Ra7+ Kh6 37. Ra6 Bd5 38. Rxf6 Be6 39. Rf8 Kg7 40.
Ra8 h5 41. g3 Bg4 42. a4 Bxe2 43. Kxe2 Rd5 44. Rb8 Rd3 45. a5 Rc3 46. Kd2 Rd3+
47. Ke2 Rc3 48. h4 Rc2+ 49. Kd1 Ra2 50. Rb5 c4 51. b4 Ra3 52. Kc2 Rxe3 53. a6
1-0

[Event "Team men HL chess 2018"]
[Site "Sochi"]
[Date "2018.05.10"]
[Round "9.4"]
[White "Alieva, Alexandra"]
[Black "Pogosian, Georgy"]
[Result "0-1"]
[WhiteElo "2089"]
[BlackElo "2155"]
[PlyCount "66"]
[EventDate "2018.05.01"]

1. e4 e6 2. d4 d5 3. Nd2 Nf6 4. Bd3 c5 5. c3 Nc6 6. Ngf3 cxd4 7. cxd4 dxe4 8.
Nxe4 Bb4+ 9. Nc3 O-O 10. O-O b6 11. Bg5 Be7 12. Bb1 Bb7 13. a3 Rc8 14. Qd3 g6
15. Ba2 Rc7 16. Rad1 Rd7 17. Rfe1 Qc7 18. h3 a6 19. Qe3 Rfd8 20. Bxe6 fxe6 21.
Qxe6+ Kg7 22. d5 Rd6 23. Qe2 Nxd5 24. Nxd5 Rxd5 25. Rxd5 Rxd5 26. Bxe7 Qf4 27.
Qe6 Qf7 28. Bf6+ Kg8 29. Ng5 Qxe6 30. Rxe6 Kf8 31. Nxh7+ Kf7 32. Ng5+ Rxg5 33.
Rxc6 Rxg2+ 0-1